| 000 | 00795nam a2200229Ii 4500 | ||
|---|---|---|---|
| 003 | JO-AjNU | ||
| 008 | 230605s9999||||xx |||||||||||||| ||und|| | ||
| 017 | _a2007/5920 | ||
| 020 | _a977-379-043-6 | ||
| 040 |
_aJO-AjNU _bara _erda _cJO-AjNU |
||
| 041 | _aara | ||
| 050 | 1 | 4 | _aHG1643.I32 2011 |
| 100 | 3 |
_aعيد، عادل عبد الفضيل, _eauthor _934132 |
|
| 245 | 0 | 0 | _aالائتمان والمداينات في البنوك الاسلامية |
| 250 | _aط2 | ||
| 264 | 3 | 1 | _aالاسكندرية: دار الفكر الجامعي، 2011 |
| 300 |
_a303ص _bيحتوي على ببلوغرافية من 276-303ص |
||
| 336 |
_atext _btxt _2rdacontent |
||
| 337 |
_aunmediated _bn _2rdamedia |
||
| 338 |
_avolume _bnc _2rdacarrier |
||
| 650 | 4 |
_aالائتمان - البنوك _934133 |
|
| 999 |
_aA13961 _c17529 _d17529 |
||